000 00759nab a2200229u 4500
001 12066
003 HDC
007 c| |||a|c|aaaa
008 210208b99999999my ||||o |||| 00| 0 eng d
040 _aHDC
245 0 _aReport highlights opportunities in global halal ingredients market
336 _atext
_2rdacontent
337 _acomputer
_2rdamedia
338 _aonline resource
_2rdacarrier
650 _ahalal ingredients
_95563
650 _apharmaceutical and cosmetics industries
_912448
710 _aAMEInfo
856 _zRequest full-text at [email protected]
942 _2lcc
942 _cNEWS
942 _kNWS0 000994
999 _c9389
_d9389